| 000 | 00515nam a2200169Ia 4500 | ||
|---|---|---|---|
| 999 |
_c7303 _d7303 |
||
| 003 | OSt | ||
| 005 | 20200125105415.0 | ||
| 008 | 190216s9999||||xx |||||||||||||| ||und|| | ||
| 020 | _a8178669803 | ||
| 040 | _coclc | ||
| 082 |
_a658.4038 _bSAR/M |
||
| 100 |
_aSarngadharan, M _91398 |
||
| 245 | 0 |
_aManagement Information System / _cM Sarngadharan ; M C Minimol |
|
| 260 |
_bHimalaya Publishing House, _aLudhiana: _c2004. |
||
| 300 | _a248p | ||
| 942 |
_cBK _2ddc _h658.4038 _iSAR/M _k658.4038 _mSAR/M |
||